000 00585nam a2200193Ia 4500
005 20250508155834.0
008 008 250505s9999 xx 000 0 eng d
037 _aDissertations
040 _aFEDL
_beng
_cFEDL
041 _aeng
_2eng
084 _a421.407 91, DEO/DI
_qFEDL
100 _aDeokar J N
_9767620
245 0 _aSpelling test in english for classes X and XI of the high schools in Nagpur
260 _c1953
300 _a68p.
546 _aM.Ed. Dissertation (Delhi Universtiy)
942 _cDIS
_h421.407 91, DEO/DI
999 _c1359550
_d1359550